| 000 | 00758nam a2200205 a 4500 | ||
|---|---|---|---|
| 008 | 110914s1997 ||||||||||||||||| || u | ||
| 020 | _a007070757X | ||
| 050 | _aRD 731 Gen | ||
| 100 | _aWilson, Frank C | ||
| 245 | 1 | 0 |
_aGeneral Orthopaedics _c[edited by] Frank C. Wilson & Patrick P. Lin |
| 260 |
_aSt.Louis: _bMcGraw-Hill _c1997 |
||
| 300 | _axii, 558p.: ill. | ||
| 350 | _a0.00 | ||
| 650 | _aMUSCULOSKELETAL SYSTEM--DISEASES | ||
| 650 | _aORTHOPAEDICS | ||
| 650 | _aMUSCULOSKELETAL DISEASES | ||
| 650 | _aORTHOPAEDICS--METHODS | ||
| 700 | _aLin, Patrick P | ||
| 995 |
_aMEDICAL LIBRARY OPEN ACCESS _D0.00 _e900924 _FCBU-SCHOOL OF MEDICINE LIBRARY (Ndola) _H1 _I0.00 _jRD 731 GEN _M1 _UAVAILABLE _WOct 3, 2011 _y900924 _ZMedical Library Open Access Collection |
||
| 999 |
_c31510 _d31510 |
||